Les opéras en Europe - 4 - Statistiques

Statistiques générales
  • Ce quiz a été pris 4 fois
  • Le résultat moyen est 19 sur 26
Statistiques - réponses
Par images Hint Réponse % Correct
Allemagne - D Dresde
100%
Belgique - G Gand
100%
Suisse - G Genève
100%
Allemagne - H Hambourg
100%
Autriche - I Innsbruck
100%
Italie - M Milan
100%
Biélorussie - M Minsk
100%
France - N Nantes
100%
France - P Paris
100%
Portugal - P Porto
100%
Espagne - V Valence
100%
Suisse - Z Zurich
100%
France - A Angers
67%
Suisse - B Bâle
67%
Italie - B Bari
67%
France - B Besançon
67%
France - D Dijon
67%
Allemagne - D Dortmund
67%
Allemagne - L Leipzig
67%
France - R Rennes
67%
France - T Toulon
67%
Italie - C Crémone
33%
Russie - N Novossibirsk
33%
Allemagne - S Sarrebruck
33%
Italie - C Chieti
0%
Italie - P Pavie
0%
Aucun quiz correspondant
Distribution des résultats
% des personnes avec chaque résultat
Percentile par nombre de réponses
Votre historique - résultats
Vous n’avez pas pris ce quiz